| 000 | 00530nam a2200157 i 4500 | ||
|---|---|---|---|
| 001 | 190163 | ||
| 003 | ES-MaACL | ||
| 005 | 20230906223645.0 | ||
| 008 | 200904s1888 sp |||| | spa d | ||
| 100 | 1 |
_aRodrigañez, Celedonio ( _d1860-1913) _998167 |
|
| 245 | 1 | 3 |
_aEl arbolado de Madrid / _cpor Celedonio Rodrigáñez. |
| 260 |
_a[S.l.] : _b[s.n.], _c1888 ( _eMadrid : _fImp. y Litogr. Municipal) |
||
| 300 |
_a46 p., [1] h. de plano ; _c28 cm. |
||
| 650 | 4 |
_aÁrboles de ciudad- _zMadrid. _9170257 |
|
| 852 |
_aES-MaACL _jT-517-F-1 |
||
| 999 |
_c190163 _d190163 |
||